000 01957 a2200301 4500
003 OSt
005 20180116192336.0
008 120308t xxu||||| |||| 00| 0 eng d
020 _a3775724931 (hardcover)
020 _a9783775724937 (hardcover)
040 _c0
082 0 4 _a721
100 1 _a Holl, Steven
_9587
245 1 0 _aSteven holl :
_bheart /
_c,Steven Holl, Holger Reenberg and Juhani Pallasmaa.
250 _aMul ed.
260 _aGermany
_bHatje Cantz,
_c2010.
300 _a96 p. ;
_bill;.
_c27 cm.
520 _aThe Herning Museum of Contemporary Art (HEART) in Herning, Denmark, inhabits a new building designed by renowned American architect Steven Holl, who was drawn to the project by the institution's collection of works by the Italian Conceptual artist Piero Manzoni. In 1960, shirt-factory owner Aage Damgaard invited Manzoni to Herning, and the industrialist's passion for contemporary art gave rise to a visionary model for cooperation between businesses and artists that ultimately led to the establishment of a new museum. As detailed in this richly illustrated book, Holl's complex museum is surrounded by a landscape of hills and ponds that meshes with his structures; the single-story building itself, with its natural light and innovative roof construction, refers to the formal vocabulary of the 1960s factory opposite. In reference to its origins, an overhead view of the museum recalls outstretched shirtsleeves while the facade resembles wrinkled fabric.
650 _aHerning kunstmuseum
_9588
650 _aArt museums
_xDesign and construction
_9589
650 _aBuildings
_9590
650 _aMuseums
_x-Design and construction
_9591
700 1 _aReenberg, Holger
_9592
700 1 _aPallasmaa, Juhani.
_9593
856 4 0 _3Amazon.com
_uhttp://www.amazon.com/exec/obidos/ASIN/3775724931/chopaconline-20
942 _aSADA
_cBK
_k721 HOL 2010
_2ddc
999 _c352472
_d352472